Statistiques concernant Pays où Djadja d'Aya Nakamura fut un hit

Cliquez ici pour prendre le quiz!

Statistiques générales

  • Ce quiz a été pris 65 fois
  • Le résultat moyen est 15 sur 27

Statistiques - réponses

Position dans les chartsPays% Correct
1France
100%
43 (Billboard Hot Latin song)États Unis
97%
5Espagne
93%
16Belgique
90%
43Allemagne
86%
23Italie
81%
17Suisse
81%
20Russie
79%
37Portugal
78%
10Mexique
72%
72Suède
66%
1Pays bas
64%
23Argentine
60%
15Grece
57%
12Chili
48%
6Turquie
45%
3Pérou
40%
1Roumanie
38%
19Colombie
34%
30Hongrie
34%
25Paraguay
34%
7Bulgarie
33%
8Equateur
31%
2Israel
17%
4Costa Rica
14%
3Nicaragua
14%
31République dominicaine
7%

Distribution des résultats

Percentile par nombre de réponses

% des personnes avec chaque résultat

Votre développement - résultats

Vous n’avez pas pris ce quiz